00326nam a22001097a 4500020001800000082001500018100002600033245005700059260004400116300002100160880003500181 a9787549564125 a895.1bLON aAndre : Long, Yingtai aDear Andre (Chinese Edition) /cAndre : Yingtai Long bGuangxi Normal University Press,c2015. a267 p. ;c23 cm. 6245-02\ra亲爱的安德烈 /